The rebellious century 1830-1930 (Record no. 223640)

MARC details
000 -LEADER
fixed length control field 00364nam a2200145Ia 4500
008 - FIXED-LENGTH DATA ELEMENTS--GENERAL INFORMATION
fixed length control field 230917s9999||||xx |||||||||||||| ||und||
040 ## - CATALOGING SOURCE
-- 43160
Original cataloging agency VIVEKANANDA LIBRARY
041 ## - Language
-- English
082 ## - DDC NUMBER
Classification number 940.28 T468R
100 ## - MAIN ENTRY--PERSONAL NAME
Personal name Tilly, Charles
245 #4 - TITLE STATEMENT
Title The rebellious century 1830-1930
260 ## - PUBLICATION, DISTRIBUTION, ETC. (IMPRINT)
Place of publication, distribution, etc London
Name of publisher, distributor, etc JM Dent and Sons
Date of publication, distribution, etc 1975
300 ## - PHYSICAL DESCRIPTION
Pages xi, 354 p.
942 ## - ADDED ENTRY ELEMENTS (KOHA)
Koha item type Books
Holdings
Withdrawn status Lost status Damaged status Not for loan Location (home branch) Sublocation or collection (holding branch) Date acquired Koha issues (times borrowed) Koha full call number Accession No. Koha date last seen Koha item type
        VIVEKANANDA LIBRARY VIVEKANANDA LIBRARY 14/11/2002   940.28 T468R 90106 17/09/2023 Books
© Designed and Maintained by Vivekananda Library, MDU Rohtak